Careers in Information and Communication Technology (Record no. 3928)

MARC details
005 - DATE AND TIME OF LATEST TRANSACTION
control field 20250613070847.0
020 ## - INTERNATIONAL STANDARD BOOK NUMBER
International Standard Book Number 9798390128602
082 ## - DEWEY DECIMAL CLASSIFICATION NUMBER
Classification number 000.6 MNI
100 ## - MAIN ENTRY--PERSONAL NAME
Author name MNIKO, S . M .
245 ## - TITLE STATEMENT
Title Careers in Information and Communication Technology
260 ## - PUBLICATION, DISTRIBUTION, ETC.
Place of publication, distribution, etc. Dar es salaam,
Name of publisher, distributor, etc. Mniko Simon Mniko,
Date of publication, distribution, etc. 2023.
300 ## - PHYSICAL DESCRIPTION
Extent xvii, 264p.: ill,; figure, table,
Other physical details glossary & index,
Dimensions 28cm.
942 ## - ADDED ENTRY ELEMENTS (KOHA)
Source of classification or shelving scheme Dewey Decimal Classification
Koha item type Books
Holdings
Date last seen Total checkouts Full call number Barcode Cost, replacement price Price effective from Koha item type Lost status Source of classification or shelving scheme Damaged status Not for loan Withdrawn status Home library Current library Shelving location Date acquired Cost, normal purchase price
06/13/2025   001.6 MNI 00000012900 356694.99 06/13/2025 Books   Dewey Decimal Classification       College of Business Education Main Library College of Business Education Main Library General Collection 09/17/2024 118898.33
06/13/2025   001.6 MNI 00000012901 356694.99 06/13/2025 Books   Dewey Decimal Classification       College of Business Education Main Library College of Business Education Main Library General Collection 09/17/2024 118898.33
06/13/2025   001.6 MNI 00000012902 356694.99 06/13/2025 Books   Dewey Decimal Classification       College of Business Education Main Library College of Business Education Main Library General Collection 09/17/2024 118898.33
06/13/2025   001.6 MNI 00000012903 356694.99 06/13/2025 Books   Dewey Decimal Classification       College of Business Education Main Library College of Business Education Main Library General Collection 09/17/2024 118898.33
06/13/2025   001.6 MNI 00000012904 356694.99 06/13/2025 Books   Dewey Decimal Classification       College of Business Education Main Library College of Business Education Main Library General Collection 09/17/2024 118898.33